Responses for Show #6526 - Monday, January 21, 2013

Contestants

[<< previous game]

John Morgan, an elementary school art teacher from Charlotte, North Carolina

Barbara Sheridan, an attorney and law clerk to a judge from Yonkers, New York

Helen Juvonen, an actor from Toronto, Canada (whose 2-day cash winnings total $57,202)

[next game >>]

Jeopardy! Round responses

FILL THE PRESCRIPTION
"T" TIME
SWANS
RUNNING INTO THE FURNITURE TERMS
TV THEME SONGS
TABLE OF CONTENTS
    $200 19
Prozac

Helen
    $200 1
a tiara

John
    $200 26
Australia

Helen
    $200 8
a trunk

Helen
    $200 2
Survivor

Helen
    $200 14
Gulliver's Travels

Barbara
    $400 20
Xanax

Helen
    $400 3
Three Mile Island

John
    $400 27
Zeus

Barbara
    $400 9
a desk

Barbara
    $400 4
(John: What is Dragnet?)

Hawaii Five-0

HelenJohn
    $400 15
Wicked

Barbara
    $600 21
morphine

John
    $600 5
Thailand

Barbara
    $600 28
Cygnus

Triple Stumper
    $600 10
a chair

Helen
    $600 23
Family Guy

John
    $600 16
Harry Potter and the Sorceror's Stone

Helen
    $800 13
Lipitor

John
    $800 6
a tapir

Barbara
    $800 29
a pen

Helen
    $800 11
mirrors

Helen
    $800 24
Two and a Half Men

John
    $1,200 17
(Helen: What is Pride & Prejudice?)

Uncle Tom's Cabin

Helen
    $1000 22
Zoloft

John
    $1000 7
a turnbuckle

Triple Stumper
    $1000 30
a mute swan

Helen
    $1000 12
cabinet

Barbara
    $1000 25
Danny Elfman

Helen
    $1000 18
David Copperfield

Helen

Scores at the first commercial break (after clue 15):

Helen Barbara John
$2,200 $3,400 $1,000

Scores at the end of the Jeopardy! Round:

Helen Barbara John
$6,200 $3,800 $4,000

Double Jeopardy! Round responses

THE COSSACKS
OSCARS FOR MAKEUP
MOST POPULOUS COUNTRIES
"AN" THE BEGINNING
CAPE TOWN
CONTENTS OF TABLES
    $400 20
a hat

Helen
    $400 6
Return of the King

John
    $400 21
Brazil & the United States

Barbara
    $400 4
an anvil

Barbara
    $400 30
an ostrich

Helen
    $400 14
tabbouleh

John
    $800 24
Siberia

Helen
    $800 7
Amadeus

Helen
    $800 22
Pakistan & Bangladesh

Barbara
    $800 5
an annex

John
    $800 17
Desmond Tutu

Helen
    $800 15
vichyssoise

Helen
    $1200 25
Yeltsin

John
    $1200 9
The Nutty Professor

Barbara
    $1200 23
Germany

John
    $1200 8
an anthology

John
    $1200 1
Gandhi

Barbara
    $1200 16
Dungeness

Barbara
    $1600 29
drunkenness

Triple Stumper
    $1600 10
Mask

John
    $4,000 27
(Barbara: What is .... Kenya?)

Nigeria

Barbara
    $1600 12
the anchor leg

John
    $2,000 2
the ANC (African National Congress)

Barbara
    $1600 18
arugula

Helen
    $2000 28
the Ukraine

Triple Stumper
    $2000 11
Pan's Labyrinth

Helen
    $2000 26
Egypt

Barbara
    $2000 13
anaphylactic

John
    $2000 3
the Dutch East India Company

Triple Stumper
    $2000 19
pancetta

John

Scores at the end of the Double Jeopardy! Round:

Helen Barbara John
$13,800 $9,000 $16,400

[wagering suggestions for these scores]

Final Jeopardy! Round responses

MUSEUMS
BarbaraWhat is the Titanic?
$8,999
HelenWhat is Irish Palace
$4,201
JohnWhat is Stonehenge
$2,600
the Titanic

Final scores:

Helen Barbara John
$9,599 $17,999 $13,800
3rd place: $1,000 New champion: $17,999 2nd place: $2,000

Game dynamics:

Coryat scores:

Helen Barbara John
$15,000 $12,600 $16,400
21 R,
1 W
(including 1 DD)
15 R
(including 1 DD),
1 W
(including 1 DD)
17 R,
1 W

Combined Coryat: $44,000

[game clues] [game scores] [suggest correction]

Game tape date: 2012-10-23
The J! Archive is created by fans, for fans. Scraping, republication, monetization, and malicious use prohibited; this site may use cookies and collect identifying information. See terms. The Jeopardy! game show and all elements thereof, including but not limited to copyright and trademark thereto, are the property of Jeopardy Productions, Inc. and are protected under law. This website is not affiliated with, sponsored by, or operated by Jeopardy Productions, Inc. Join the discussion at JBoard.tv.